000 00492 a2200169 4500
020 _a817635533x
040 _aDLC
082 0 0 _a005.369
100 1 _aPerry, Greg M.
245 1 0 _aSams teach yourself Microsoft Office XP in 24 hours
_cGreg Perry.
246 3 0 _aMicrosoft Office XP in 24 hours
260 _aIndianapolis, Ind. :
_bSams,
_cc2001.
300 _a429 p. :
_bill. ;
_c24 cm.
500 _aIncludes index.
650 0 _aBusiness
_xComputer programs.
942 _cBK
_k005.369 PER
_2ddc
999 _c6235
_d6235